Statystyki dla Rozpoznaj wykonawcę po 3 piosenkach! #1

Kliknij tutaj aby rozwiązać quiz!

Ogólne statystyki

  • Ten quiz został rozwiązany 235 razy
  • Średni wynik to 6 z 15

Statystyki odpowiedzi

PiosenkiOdpowiedź% Poprawnych
Rain On Me, Shallow, AlejandroLady Gaga
86%
Chantaje, Whenever Wherever, LocaShakira
80%
New Rules, One Kiss, IDGAFDua Lipa
72%
Zorza, TĘSKNIEZASTARYMKANYE, 8 kobietQuebonafide
71%
Crazy in Love, Run the World, HaloBeyonce
66%
Cicho, Bez łez, Na ostrzuEwa Farna
57%
Starboy, Pray for Me, Earned ItThe Weeknd
43%
Nonstop, In My Feelings, One DanceDrake
41%
Benz Truck, Teen Romance, Awful ThingsLil Peep
24%
Low Life, Fine China, Life Is GoodFuture
15%
Twisted, Unforgettable, LockjawFrench Montana
11%
We Own It, It's A Vibe, No Lie2 Chainz
9%
Loyal, Kiss Kiss, No GuidanceChris Brown
7%
Wycleaf Jean, Hot, The LondonYoung Thug
7%
Gmail, YKTS, Chippi ChippiSheck Wes
2%

Rozkład punktacji

Percentyl według liczby udzielonych odpowiedzi

Procent ludzi z każdym wynikiem

Twoja historia wyników

Nie rozwiązałeś tego quizu